000 00359nam a22001217a 4500
008 230626b xxu||||| |||| 00| 0 eng d
020 _a9987666329
082 _a337.11
_bEAC
245 _aReport of the 4th Summit Meeting of Heads of State
_bArusha, Tanzania
260 _aTanzania
_bEast African Community Secretaiat
_c2003
300 _a100p
942 _2ddc
_cBK
999 _c2687
_d2687